<?xml version="1.0" encoding="UTF-8"?>
<record
    xmlns:xsi="http://www.w3.org/2001/XMLSchema-instance"
    xsi:schemaLocation="http://www.loc.gov/MARC21/slim http://www.loc.gov/standards/marcxml/schema/MARC21slim.xsd"
    xmlns="http://www.loc.gov/MARC21/slim">

  <leader>02359nam a2200349 u 4500</leader>
  <controlfield tag="001">1104679</controlfield>
  <controlfield tag="005">20260507085443.0</controlfield>
  <controlfield tag="007">co|||||||</controlfield>
  <controlfield tag="008">080922s2007                        spa  </controlfield>
  <datafield tag="035" ind1=" " ind2=" ">
    <subfield code="a">1104679</subfield>
  </datafield>
  <datafield tag="040" ind1=" " ind2=" ">
    <subfield code="c">comduadb</subfield>
  </datafield>
  <datafield tag="041" ind1=" " ind2=" ">
    <subfield code="a">spa</subfield>
  </datafield>
  <datafield tag="082" ind1=" " ind2="4">
    <subfield code="a">372</subfield>
  </datafield>
  <datafield tag="100" ind1="1" ind2="0">
    <subfield code="a">Hincapie Quintero, Isabel Cristina</subfield>
    <subfield code="4">aut</subfield>
    <subfield code="e">aut</subfield>
    <subfield code="9">557241</subfield>
  </datafield>
  <datafield tag="245" ind1="1" ind2="4">
    <subfield code="a">Las nuevas tecnolog&#xED;as y su incidencia en la transformaci&#xF3;n de las practicas de ense&#xF1;anza de los conceptos acido-base</subfield>
  </datafield>
  <datafield tag="260" ind1=" " ind2=" ">
    <subfield code="a">Medell&#xED;n :</subfield>
    <subfield code="b">[sin publicador],</subfield>
    <subfield code="c">2007.</subfield>
  </datafield>
  <datafield tag="300" ind1=" " ind2=" ">
    <subfield code="a">1 CD-ROM</subfield>
  </datafield>
  <datafield tag="520" ind1="3" ind2=" ">
    <subfield code="a">El objeto central de la educaci&#xF3;n en ciencias es el planteamiento, reconstrucci&#xF3;n, apropiaci&#xF3;n, aplicaci&#xF3;n y evaluaci&#xF3;n del conocimiento cient&#xED;fico en la escuela. Pero la complejidad de la producci&#xF3;n cient&#xED;fica nos revela que cada vez es m&#xE1;s dif&#xED;cil para el docente en ejercicio mantener un equilibrio conceptual entre el crecimiento de la ciencia y la ense&#xF1;anza actualizada de la misma, porque los avances cient&#xED;ficos d&#xED;a a d&#xED;a crecen exponencialmente. En &#xE9;sta medida se hace necesario disponer de nuevos recursos para la ense&#xF1;anza que proporcionen la motivaci&#xF3;n y adem&#xE1;s faciliten la asimilaci&#xF3;n de conceptos, que en numerosas ocasiones no son intuitivos como es el caso de los conceptos acido &#xBF; base. Sobre este tema existe una herramienta inform&#xE1;tica elaborada por los profesores Pastora Torres Verdugo y Rafael Jim&#xE9;nez Prieto que fue retomada para el trabajo de intervenci&#xF3;n en esta investigaci&#xF3;n (&#xE1;cidos-bases v.1).</subfield>
  </datafield>
  <datafield tag="650" ind1=" " ind2=" ">
    <subfield code="a">Educacion en ciencias</subfield>
    <subfield code="9">32996</subfield>
  </datafield>
  <datafield tag="650" ind1=" " ind2=" ">
    <subfield code="a">Computadores en la ense&#xF1;anza</subfield>
    <subfield code="9">58920</subfield>
  </datafield>
  <datafield tag="650" ind1=" " ind2=" ">
    <subfield code="a">&#xC1;cido-base</subfield>
    <subfield code="9">107970</subfield>
  </datafield>
  <datafield tag="650" ind1=" " ind2="0">
    <subfield code="a">Tecnolog&#xED;as de la informaci&#xF3;n y de la comunicaci&#xF3;n</subfield>
    <subfield code="9">200985</subfield>
  </datafield>
  <datafield tag="650" ind1=" " ind2=" ">
    <subfield code="a">Conocimiento cient&#xED;fico</subfield>
    <subfield code="9">57311</subfield>
  </datafield>
  <datafield tag="650" ind1=" " ind2="7">
    <subfield code="a">Aprendizaje significativo</subfield>
    <subfield code="2">embne</subfield>
    <subfield code="9">40107</subfield>
  </datafield>
  <datafield tag="650" ind1=" " ind2=" ">
    <subfield code="a">Innovaciones tecnol&#xF3;gicas en educaci&#xF3;n</subfield>
    <subfield code="9">107003</subfield>
  </datafield>
  <datafield tag="650" ind1=" " ind2=" ">
    <subfield code="a">Licenciatura en educaci&#xF3;n</subfield>
    <subfield code="9">181088</subfield>
  </datafield>
  <datafield tag="650" ind1=" " ind2="7">
    <subfield code="a">Tecnolog&#xED;a educativa</subfield>
    <subfield code="2">embne</subfield>
    <subfield code="9">49590</subfield>
  </datafield>
  <datafield tag="700" ind1="1" ind2="0">
    <subfield code="a">Rojas Durango, Yesenia Andrea</subfield>
    <subfield code="4">ths</subfield>
    <subfield code="e">ths</subfield>
    <subfield code="9">422723</subfield>
  </datafield>
  <datafield tag="856" ind1="4" ind2=" ">
    <subfield code="u">https://bibliotecadigital.udea.edu.co/handle/10495/27034</subfield>
  </datafield>
  <datafield tag="942" ind1=" " ind2=" ">
    <subfield code="c">TESIS</subfield>
  </datafield>
  <datafield tag="999" ind1=" " ind2=" ">
    <subfield code="c">482965</subfield>
    <subfield code="d">482965</subfield>
  </datafield>
  <datafield tag="500" ind1=" " ind2=" ">
    <subfield code="a">Tesis (Licenciatura en Educacion Basica con &#xC9;nfasis en Ciencias Naturales y Educaci&#xF3;n Ambiental). Universidad de Antioquia. Facultad de Educaci&#xF3;n - T&#xED;tulo del grado otorgado</subfield>
  </datafield>
  <datafield tag="952" ind1=" " ind2=" ">
    <subfield code="0">0</subfield>
    <subfield code="1">0</subfield>
    <subfield code="4">0</subfield>
    <subfield code="7">0</subfield>
    <subfield code="8">TESDIGBC</subfield>
    <subfield code="a">BC</subfield>
    <subfield code="b">BC</subfield>
    <subfield code="d">2008-09-22</subfield>
    <subfield code="e">Material adquirido por donaci&#xF3;n</subfield>
    <subfield code="i">C1018426</subfield>
    <subfield code="l">0</subfield>
    <subfield code="o">372.35 H659 CD-ROM</subfield>
    <subfield code="p">0678690</subfield>
    <subfield code="r">2023-04-28 00:00:00</subfield>
    <subfield code="t">1</subfield>
    <subfield code="w">2023-04-28</subfield>
    <subfield code="y">DIGITAL</subfield>
  </datafield>
  <datafield tag="952" ind1=" " ind2=" ">
    <subfield code="0">0</subfield>
    <subfield code="1">0</subfield>
    <subfield code="4">0</subfield>
    <subfield code="7">0</subfield>
    <subfield code="8">DIGITAL</subfield>
    <subfield code="a">CEDED</subfield>
    <subfield code="b">CEDED</subfield>
    <subfield code="d">2008-09-26</subfield>
    <subfield code="i">C1019127</subfield>
    <subfield code="l">0</subfield>
    <subfield code="o">JF/0524</subfield>
    <subfield code="p">0596708</subfield>
    <subfield code="r">2023-04-28 00:00:00</subfield>
    <subfield code="t">1</subfield>
    <subfield code="w">2023-04-28</subfield>
    <subfield code="y">DIGITAL</subfield>
  </datafield>
</record>
